Statistics for Top 10 Brazilian PL scorers

Click here to take the quiz!

General Stats

  • This quiz has been taken 107 times
  • The average score is 4 of 10

Answer Stats

HintAnswer% Correct
21Firmino
80%
18Willian
60%
31Coutinho
57%
21Oscar
56%
14Robinho
51%
29Juninho
42%
17Ramires
33%
17Silva
33%
14Elano
18%
14Geovanni
4%

Score Distribution

Percentile by Number Answered

Percent of People with Each Score

Your Score History

You have not taken this quiz